| 000 | 00443nam a2200169Ia 4500 | ||
|---|---|---|---|
| 003 | GCL | ||
| 008 | 140319s9999 xx 000 0 ara d | ||
| 040 |
_aGCL / _cGCL |
||
| 082 | 0 | 4 |
_a813.03 _bي ص |
| 100 | 1 | _aيحيى حقى | |
| 245 | 1 | 0 |
_aصح النوم / _cيحيى حقى |
| 300 | _a154 ص | ||
| 490 |
_aديوان الملتقى _v0 |
||
| 650 | 0 | 4 | _aالقصة العربية |
| 650 | 0 | 4 | _aالقصة القصيرة |
| 942 |
_2ddc _cBK |
||
| 999 |
_c38626 _d38626 |
||